| 000 | 00636nam a2200253 a 4500 | ||
|---|---|---|---|
| 001 | 14333 | ||
| 003 | BD-JhCC | ||
| 005 | 20250304103344.0 | ||
| 008 | 250302b19572018e a|||| ||a| 001 0 eng d | ||
| 020 | _a9780241339145 | ||
| 035 | _a(BD-JhCC)14333 | ||
| 040 |
_aBD-JhCC _dBD-JhCC |
||
| 041 | _aenglish | ||
| 082 |
_a921 _bCAP 2018 |
||
| 100 | _a Capote,Truman | ||
| 245 |
_aThe Duke in His Domain / _cTruman Capote. |
||
| 260 |
_aNew York: _bPenguin Books; _c2018. |
||
| 300 |
_a64 p. : _c16 cm. |
||
| 490 | _aPenguin Modern: 35 | ||
| 500 | _aPenguin Modern: 35 | ||
| 650 | _a Biographies. | ||
| 942 |
_2ddc _cBK |
||
| 999 |
_c14333 _d14333 |
||